书目信息 |
| 题名: |
免疫检测技术
|
|
| 作者: | 徐宜为 | |
| 分册: | ||
| 出版信息: | 北京 科学出版社 1991 |
|
| 页数: | 419 | |
| 开本: | 26cm | |
| 丛书名: | ||
| 单 册: | ||
| 中图分类: | Q-3 | |
| 科图分类: | ||
| 主题词: | 生物学--研究 , 生物学--实验 | |
| 电子资源: | ||
| ISBN: | 7-03-002361-7 | |
| 000 | 00532nam0 2200205 450 | |
| 001 | 0741144344 | |
| 005 | 20070817112544.34 | |
| 010 | @a7-03-002361-7@d¥42.00 | |
| 100 | @a20070817d km y0chiy0120 ea | |
| 101 | 0 | @achi |
| 200 | 1 | @a免疫检测技术@Amian yi jian ce ji shu@f徐宜为@Fxu yi wei |
| 205 | @a2版 | |
| 210 | @a北京@c科学出版社@d1991 | |
| 215 | @a419@d26cm | |
| 606 | 0 | @a生物学@x研究 |
| 606 | 0 | @a生物学@x实验 |
| 690 | @aQ-3@v3 | |
| 701 | 0 | @a徐宜为@Axu yi wei |
| 801 | 0 | @aCN@bPFT@c20070817 |
| 905 | @a213230@dQ-3@en1@f1 | |
| 免疫检测技术/徐宜为.-2版.-北京:科学出版社,1991 |
| 419;26cm |
| ISBN 7-03-002361-7:¥42.00 |
| ● |
| 相关链接 |
|
|
|
|
正题名:免疫检测技术
索取号:Q-3/n1
 
预约/预借
| 序号 | 登录号 | 条形码 | 馆藏地/架位号 | 状态 | 备注 |
| 1 | 6600000 | 266000007 | 密集书库-生命科学系/ [索取号:Q-3/n1] | 在馆 | |
| 2 | 6600001 | 266000016 | 密集书库-生命科学系/ [索取号:Q-3/n1] | 在馆 | |
| 3 | 6600002 | 266000025 | 密集书库-生命科学系/ [索取号:Q-3/n1] | 在馆 |